Si Sapar; (Record no. 61784)

MARC details
000 -LEADER
fixed length control field 00596cam a22002051 4500
001 - CONTROL NUMBER
control field sa 65000853
003 - CONTROL NUMBER IDENTIFIER
control field DLC
005 - DATE AND TIME OF LATEST TRANSACTION
control field 20260227112106.0
008 - FIXED-LENGTH DATA ELEMENTS--GENERAL INFORMATION
fixed length control field 940331s1964 io a 000 0 ind
010 ## - LIBRARY OF CONGRESS CONTROL NUMBER
LC control number sa 65000853
025 ## - OVERSEAS ACQUISITION NUMBER
Overseas acquisition number PL480:Indo-1046
035 ## - SYSTEM CONTROL NUMBER
System control number (OCoLC)30063845
040 ## - CATALOGING SOURCE
Original cataloging agency DLC
Transcribing agency CU
Modifying agency DLC
042 ## - AUTHENTICATION CODE
Authentication code premarc
050 00 - LIBRARY OF CONGRESS CALL NUMBER
Classification number PL5089.S6
Item number S53
100 1# - MAIN ENTRY--PERSONAL NAME
Personal name Sontani, Utuy Tatang,
Dates associated with a name 1920-
245 10 - TITLE STATEMENT
Title Si Sapar;
Remainder of title sebuah novelette tentang kehidupan penarik² betjak di Djakarta.
260 ## - PUBLICATION, DISTRIBUTION, ETC.
Place of publication, distribution, etc. Djakarta,
Name of publisher, distributor, etc. Jajasan Kebudajaan Sadar
Date of publication, distribution, etc. [cover 1964]
300 ## - PHYSICAL DESCRIPTION
Extent 48 p.
Other physical details illus.
Dimensions 16 cm.

No items available.

Powered by Koha